000 00737nam a2200229Ia 4500
003 OSt
005 20220925223947.0
006 a|||||r|||| 00| 0
007 ta
008 220923b |||||||| |||| 00| 0 eng d
020 _a9780415254779
_c2685.24
037 _b5749, 01/03/2017, RAJKIRAN BOOK AGENCY
_cGeneral Book
040 _aRTL
_cRTL
_beng
041 _2eng
_aeng
082 _aY9(S:56), P1
100 _aWEEKS Jeffrey
_919740
245 0 _aSame Sex intimacies
_b Families of Choice and other life experiments
260 _aLondon
_bRoutledge
_c2001
300 _ax,245p.
_ccm.
942 _hY9(S:56), P1
_cGB
_2CC
999 _c580696
_d580696